TV Show Intros by Picture #5 - Statistics

General Stats
  • This quiz has been taken 228 times
  • The average score is 7 of 20
Answer Stats
Picture Answer % Correct
Little House on the Prairie
60%
Knight Rider
57%
Spongebob Squarepants
54%
I Dream of Jeannie
49%
Arrested Development
47%
Dallas
47%
Sailor Moon
42%
Ted Lasso
40%
The Partridge Family
40%
Get Smart
39%
Big Mouth
34%
Parks and Recreation
29%
True Blood
28%
The Incredible Hulk
26%
Miami Vice
24%
True Detective
21%
Mighty Morphin Power Rangers
18%
Home Improvement
17%
Twin Peaks
15%
Better Call Saul
13%
No matching quizzes found
Score Distribution
Percent of People with Each Score
Percentile by Number Answered
Your Score History
You have not taken this quiz